| 000 | 00656nam a2200229Ia 4500 | ||
|---|---|---|---|
| 003 | OSt | ||
| 005 | 20220928143411.0 | ||
| 006 | a|||||r|||| 00| 0 | ||
| 007 | ta | ||
| 008 | 220927b |||||||| |||| 00| 0 eng d | ||
| 024 | _a22015 | ||
| 037 | _cTextual | ||
| 040 |
_aSDCL _cSDCL _beng |
||
| 041 |
_2eng _aeng |
||
| 082 | _aQ.2'P, P3 | ||
| 100 |
_aRobinson Rowena Ed. _9437408 |
||
| 245 | 0 |
_aReligious conversion in India _b Modes, motivations, and meanings. |
|
| 260 | _c2003 | ||
| 700 |
_a Clarke Sathianathan Ed. _9437429 |
||
| 942 |
_hQ.2'P, P3 _cTEXL _2CC |
||
| 999 |
_c824036 _d824036 |
||